00729nam a2200193Ia 4500952009800000999001700098008004100115020001800156050001700174100002200191245005600213260005300269300001100322505005500333519004100388650005400429650004000483942001200523 00102lcc4070a01b01d2022-10-01l0oE99 Y3 C368p16 002210r2023-07-12t1w2022-10-01yLB c69798d69798120626s1990 mx 000 0 spa d a968-16-0169-6 aE99bY3 C368 aCASTANEDA, Carlos aLas enseñanzas de Don Juan c/ Carlos Castaneda aMéxicob: Fondo de Cultura Económicac, 1990 a301 p. aI. Las enseñanzas II. Un análisis estructural  aMaterial complementario /d16 002210 aDROGAS, ALUCINACIONES Y EXPERIENCIAS RELIGIOSAS  aYAQUIS xRELIGIÓN Y MITOLOGÍA. cLB2lcc